000 00948nam a2200289 a 4500
005 20200104041559.0
008 140731b2006 ck ||||| |||| 00| 0 spa d
020 _a9789589769072
041 _aspa
082 0 4 _a599
_bR69l
090 _aLB
_b04743
100 1 _aRodriguez-Mahecha, José Vicente
_94290
245 1 0 _aLibro rojo de los mamíferos de Colombia
260 _aBogotá
_bConservación Internacional
_bInstituto Alexander von Humboldt
_c2006
300 _a430 p.
_c22 cm.
650 _aMamíferos
_xclasificación
_925289
650 4 _aEspecies en peligro
_925290
650 _aMamíferos
_xhábitos y conducta
_925291
650 _aMamíferos
_xdistribución geográfica
_925292
662 _aColombia
700 1 _aAlberico, Michael
_96446
700 1 _aTrujillo, Fernando
_9366
700 1 _aJorgenson, Jeff
_925294
700 1 _aLandazábal-Mendoza, César
_920239
700 _aNash, Stephen D.
_911831
942 _cLIBRO
_2ddc
_026
999 _c5451
_d5451